Statistics for Countries With The Most Sikhs

Click here to take the quiz!

General Stats

  • This quiz has been taken 49 times
  • The average score is 10 of 15

Answer Stats

# of worshippersAnswer% Correct
24,000,000India
98%
342,429United Kingdom
98%
250,000United States
98%
468,670Canada
96%
20,000Pakistan
96%
125,904Australia
82%
100,000Malaysia
73%
10,000 - 20,000Germany
73%
70,000Italy
69%
23,000Bangladesh
69%
70,000Thailand
53%
50,000 - 100,000Kenya, Uganda, Tanzania
42%
20,000Greece
36%
30,000Philippines
29%
37,700Mauritius
18%

Score Distribution

Percentile by Number Answered

Percent of People with Each Score

Your Score History

You have not taken this quiz